Loading...
| History - American | 0 | 7 | 1 | 0 | 65 | 42 | 71.71 | 5 | 7 | 28.77 | 63.33 |
| History - World | 0 | 6 | 0 | 0 | 60 | 47 | 71.17 | 3 | 6 | 26.63 | 46.67 |
| Philosophy | 0 | 4 | 0 | 0 | 40 | 99 | 108.50 | 3 | 4 | 7.33 | 36.67 |
| History - Other | 0 | 4 | 1 | 1 | 35 | 88 | 102.25 | 1 | 4 | 8.79 | 26.67 |
| History - European | 0 | 3 | 0 | 1 | 30 | 39 | 60.00 | 3 | 3 | 16.24 | 30.00 |
| Mythology | 0 | 2 | 0 | 0 | 20 | 86 | 104.50 | 1 | 2 | 3.90 | 16.67 |
| Religion | 0 | 1 | 0 | 0 | 10 | 118 | 118.00 | 1 | 1 | 1.19 | 10.00 |
| Literature - American | 0 | 1 | 0 | 0 | 10 | 99 | 99.00 | 1 | 1 | 2.72 | 6.67 |
| Pop Culture | 0 | 1 | 0 | 0 | 10 | 129 | 129.00 | 0 | 1 | 0.76 | 22.22 |
| Current Events | 0 | 1 | 0 | 0 | 10 | 79 | 79.00 | 0 | 1 | 17.08 | 33.33 |
| Other Academic | 0 | 1 | 0 | 0 | 10 | 128 | 128.00 | 0 | 1 | 5.45 | 22.22 |
| Literature - World | 0 | 1 | 1 | 1 | 5 | 144 | 144.00 | 0 | 1 | 0.00 | 3.33 |
| Fine Arts - Painting and Sculpture | 0 | 1 | 1 | 0 | 5 | 136 | 136.00 | 0 | 1 | 0.14 | 6.67 |